000 01710nam a2200433Ia 4500
001 ebr10457739
003 CaPaEBR
006 m u
007 cr cn|||||||||
008 100611s2011 nyu sb 001 0 eng d
010 _z 2010023533
020 _z9780231149723
020 _z9780231149730
020 _z9780231520546
040 _aCaPaEBR
_cCaPaEBR
035 _a(OCoLC)726824386
050 1 4 _aDT34.5
_b.G46 2011eb
082 0 4 _a325/.343
_222
245 0 0 _aGerman colonialism
_h[electronic resource] :
_brace, the Holocaust, and postwar Germany /
_cedited by Volker Langbehn and Mohammad Salama.
260 _aNew York :
_bColumbia University Press,
_cc2011.
300 _axxxi, 327 p.
504 _aIncludes bibliographical references and index.
533 _aElectronic reproduction.
_bPalo Alto, Calif. :
_cebrary,
_d2011.
_nAvailable via World Wide Web.
_nAccess may be limited to ebrary affiliated libraries.
650 0 _aRacism
_zGermany
_xHistory.
650 0 _aRacism
_zAfrica
_xHistory.
650 0 _aNationalism
_zGermany
_xHistory.
650 0 _aContinuity
_xPolitical aspects
_zGermany
_xHistory.
650 0 _aHolocaust, Jewish (1939-1945)
650 0 _aWorld War, 1939-1945
_xAtrocities.
650 0 _aImperialism
_xSocial aspects
_zGermany
_xHistory.
651 0 _aGermany
_xColonies
_zAfrica
_xHistory.
651 0 _aAfrica
_xColonial influence.
651 0 _aGermany
_xHistory
_y1945-
655 7 _aElectronic books.
_2local
700 1 _aLangbehn, Volker Max,
_d1959-
700 1 _aSalama, Mohammad.
710 2 _aebrary, Inc.
856 4 0 _uhttp://site.ebrary.com/lib/rucke/Doc?id=10457739
_zAn electronic book accessible through the World Wide Web; click to view
999 _c230443
_d230443